00354nam a2200109Ia 4500008004000000082001700040100004000057245004200097260005600139300000700195650004200202210210b2000 xxu||||| |||| 00| 0 eng d a530.028 RAML aRAMACHANDRA (R) and RAO (Rama A H). aLaboratory manual in physics. II PUC. aBangalore.bExcellent Educational Enterprisesc2000 a36 aLaboratory Manual, Physics, II PUC